000 00305nam a22001337a 4500
008 170508b xxu||||| |||| 00| 0 eng d
020 _a9780314205858
041 _aeng
080 _a34
100 _a15
101 _aSHJ
245 _aLEADING CASES IN CONSTITUTIONAL LAW
_cCHOPER, J.H
942 _2udc
_cBK
999 _c12908
_d12908